| 000 | 00559pam a2200193 a 4500 | ||
|---|---|---|---|
| 020 | _a0697219100 | ||
| 040 | _cDLC | ||
| 082 | 0 | 0 | _a579 WCB 1998 A032 Or. |
| 100 | 1 | _aSze, Philip, | |
| 245 | 1 | 2 | _aA biology of the algae / |
| 250 | _a3rd ed. | ||
| 260 |
_aBoston, Mass. : _bWCB/McGraw-Hill, _cc1998. |
||
| 300 |
_aviii, 278 p. : _bill. (some col.) ; _c26 cm. |
||
| 650 | 0 | _aAlgae. | |
| 650 | 0 | _aAlgology. | |
| 856 | 4 | 2 | _uhttp://www.loc.gov/catdir/description/mh022/97010511.html |
| 856 | 4 | 1 | _uhttp://www.loc.gov/catdir/toc/mh023/97010511.html |
| 942 | _cEK | ||
| 999 |
_c11794 _d11794 |
||